000 01008nam a2200337Ia 4500
003 OSt
005 20220912144544.0
006 a|||||r|||| 00| 0
007 ta
008 220909b |||||||| |||| 00| 0 eng d
020 _a9788121928133 (pbk)
020 _aSL01559545
024 _a187949
037 _b1935, 08/02/2013, Ashutosh Technical Books
037 _cTextual
040 _aCSL
_beng
_cCSL
041 _aeng
082 _aC4:7, K8
100 _aBrij Lal; Subrahmanyam N; Hemne P S
245 0 _aHeat thermodynamics and statistical physics
260 _aNew Delhi
_b S Chand
_c1968
300 _axx,665p.
500 _aAppendix I-II 641-659p.
650 _a Heat thermodynamics
650 _a Statistical physics
650 _aPhysics
700 _a Avadhanulu M N
700 _aBrij Lal; Subrahmanyam N; Hemne P S
942 _hC4:7, K8
_cTEXL
_2CC
999 _c11915
_d11915